Columbia river salmon and steelhead: proceedings of a symposium
Uloženo v:
| Hlavní autor: | |
|---|---|
| Médium: | Kniha |
| Jazyk: | angličtina |
| Vydáno: |
Washington, D.C
American Fisheries Society
1977
|
| Edice: | Special Publication, 10
|
| Témata: | |
| Tagy: |
Přidat tag
Žádné tagy, Buďte první, kdo vytvoří štítek k tomuto záznamu!
|
MARC
| LEADER | 00000nam a2200000 a 4500 | ||
|---|---|---|---|
| 001 | UCL5252 | ||
| 003 | CL-VaPUC | ||
| 005 | 20220413074214.0 | ||
| 008 | 040305e19770000us 1 eng d | ||
| 082 | 0 | 4 | |a 597.5 |b SCH |2 21 |
| 100 | 1 | |a Schwiebert, Ernest |e author |9 620549 | |
| 245 | 1 | 0 | |a Columbia river salmon and steelhead: proceedings of a symposium |
| 260 | |a Washington, D.C |b American Fisheries Society |c 1977 | ||
| 300 | |a 214 p | ||
| 490 | 0 | |a Special Publication, 10 | |
| 583 | |a last modification |c 20190822 04:15:30 |k Rodrigo Vera | ||
| 650 | 0 | 7 | |a SALMONIDOS |2 CL-VaPUC |9 262115 |
| 650 | 0 | 7 | |a PESCA DEPORTIVA |2 CL-VaPUC |9 455410 |
| 650 | 0 | 0 | |a Protección del medio ambiente |9 257626 |
| 650 | 0 | 0 | |a Ecología marina |9 259946 |
| 942 | |c BK | ||
| 945 | |a cmena |d 20040305 00:00:00 | ||
| 546 | |a En Inglés | ||
| 536 | |a Fish and Wildlife Service of the United States Department of the Interior | ||
| 536 | |a National Marine Fisheries Service of the United States Department of Commerce | ||
| 518 | |p The Columbia River Salmon and Steelhead Symposium, 1, Vancouver, march 5-6 1976 | ||
| 999 | |c 384013 |d 384011 | ||